LDR 00892naa#a2200193#i#450# 001 RU\\bibl\120587 005 20260430003310.4 011 ## _a2587-6740 100 ## _a20260415b2026####ek#y0rusy0150####ca 102 ## _aRU 200 1# _aРетроспективный анализ деятельности сельских хозяйств всех категорий в структуре АПК Российской Федерации _eЖурнальная статья 210 1# _aМосква _cЭлектронная наука _d2026 215 ## _a5 с. 608 ## _aЖурнальная статья _2local 675 ## _aАгропромышленный комплекс. 338.436.33 _z 700 #1 _aШайлиева _gМарина Магометовна 700 #1 _aНестеренко _gЮлия Николаевна 700 #1 _aПопов _gВалерий Владимирович 856 4# _aecience.ru _u